|
|
|
|
| LEADER |
00000nab a2200000ua 4500 |
| 001 |
vtls010791905 |
| 003 |
SK-MaSNL |
| 005 |
20260511084213.0 |
| 008 |
230222s2012 xo |||||||||||||||||eng| |
| 035 |
|
|
|a (urnnbn)urn:nbn:sk:snk:ar-a0290s
|
| 035 |
|
|
|a (uuid)ccc5dc60-ee7c-4db7-87c8-96b56b3cb4d7
|
| 035 |
|
|
|a urn:nbn:sk:snk-ab4i3g
|
| 040 |
|
|
|a SNKBUCL
|b slo
|c SNKBUCL
|e AACR2
|
| 041 |
0 |
|
|a eng
|
| 044 |
|
|
|a xo
|c SK
|
| 100 |
1 |
|
|a Jaźwińska, Edyta
|4 aut
|9 1172336
|
| 245 |
1 |
0 |
|a THE SANITARY STATE OF SPRING BARLEY CULTIVATED IN PERENNIAL MONOCULTURE
|c Edyta Jažwiňska, Ewa Adamiak, Natalia Machałek, Tomasz P. Kurowski
|
| 246 |
3 |
|
|a ZDRAVOTNÝ STAV JAČMEŇA JARNÉHO PESTOVANÉHO V MONOKULTÚRE
|
| 700 |
1 |
|
|a Adamiak, Ewa
|4 aut
|9 1172333
|
| 700 |
1 |
|
|a Machałek, Natalia
|4 aut
|9 1172334
|
| 700 |
1 |
|
|a Tomasz P. KUROWSKI
|4 aut
|9 1172335
|
| 773 |
0 |
|
|t Acta fytotechnica et zootechnica : vedecký časopis pre fytotechniku a zootechniku
|g Roč. 15, č. special number (2012), s. 81-83
|
| 958 |
|
|
|a OND
|
| 958 |
|
|
|a EUIPO
|
| 958 |
|
|
|a article3
|
| 999 |
|
|
|c 2021805
|d 2023735
|